000 00543nam a2200193 a 4500
005 20250301063803.0
008 010704s2000 mx r 000 0 spa d
020 _a9682459583
035 _aUPN01000109182
049 _aCG
050 4 _aHQ1233
_bC6.4
245 0 0 _aCómo ser integral :
_bguía de estudio y trabajo 1.
260 _aMéxico :
_bTrillas,
_c2000
300 _a60 p. :
_bil.
440 0 _aSer mujer hoy
_v1
650 2 _aMujeres
_xHistoria y condición de la mujer
_91583
650 4 _aMujeres
_xEducación
_9182
905 _aLibro
999 _c83093
_d83093